Ashton-under-Lyne (Record no. 65835)
[ view plain ]
| 000 -LEADER | |
|---|---|
| fixed length control field | 01215cam a2200229 4500 |
| 001 - CONTROL NUMBER | |
| control field | ABS63486 |
| 008 - FIXED-LENGTH DATA ELEMENTS--GENERAL INFORMATION | |
| fixed length control field | 000000n2000 000 0 eng u |
| 035 ## - SYSTEM CONTROL NUMBER | |
| System control number | (Sirsi) u110432 |
| 100 ## - MAIN ENTRY--PERSONAL NAME | |
| Personal name | Kochan, B. |
| 245 ## - TITLE STATEMENT | |
| Title | Ashton-under-Lyne |
| 260 ## - PUBLICATION, DISTRIBUTION, ETC. | |
| Date of publication, distribution, etc. | 2000 |
| 490 ## - SERIES STATEMENT | |
| Series statement | Urban Environment Today |
| Volume/sequential designation | 2(111) 14 December 2000, 12-13(2) |
| 520 ## - SUMMARY, ETC. | |
| Summary, etc. | The Ashton Renewal Partnership hopes to secure £170m in funding in order to promote the physical, social and economic regeneration of Ashton-under-Lyne. Despite having some of the poorest wards in England the Lancashire town does not meet the criteria for regeneration programmes and so applied to set up a Neighbourhood Renewal Area in order to tackle the poor state of its private housing stock. Preparation for the submission included neighbourhood meetings to consider training, employment, housing, environmental and business projects, which have since formed a basis for successful bids for EU, SRB and Lottery funding. |
| 590 ## - LOCAL NOTE (RLIN) | |
| Local note | ABS |
| 650 ## - SUBJECT ADDED ENTRY--TOPICAL TERM | |
| Topical term or geographic name entry element | ASHTON-UNDER-LYNE |
| 650 ## - SUBJECT ADDED ENTRY--TOPICAL TERM | |
| Topical term or geographic name entry element | NEIGHBOURHOOD RENEWAL |
| 650 ## - SUBJECT ADDED ENTRY--TOPICAL TERM | |
| Topical term or geographic name entry element | NEIGHBOURHOOD RENEWAL AREAS |
| 650 ## - SUBJECT ADDED ENTRY--TOPICAL TERM | |
| Topical term or geographic name entry element | NEIGHBOURHOOD RENEWAL PARTNERSHIPS |
| 650 ## - SUBJECT ADDED ENTRY--TOPICAL TERM | |
| Topical term or geographic name entry element | SRB |
| 690 ## - LOCAL SUBJECT ADDED ENTRY--TOPICAL TERM (OCLC, RLIN) | |
| Topical term or geographic name as entry element | REGENERATION |
| 942 ## - ADDED ENTRY ELEMENTS (KOHA) | |
| Suppress in OPAC | 0 |
| Withdrawn status | Lost status | Source of classification or shelving scheme | Damaged status | Not for loan | Home library | Current library | Shelving location | Date acquired | Total Checkouts | Full call number | Barcode | Date last seen | Copy number | Price effective from | Koha item type |
|---|---|---|---|---|---|---|---|---|---|---|---|---|---|---|---|
| Dewey Decimal Classification | London | London | Journal article | 18/01/2001 | ABS63486 | 110432-1001 | 06/08/2019 | 1 | 06/08/2019 | Journal article |